| 000 | 00593nam a22001937a 4500 | ||
|---|---|---|---|
| 999 |
_c15723 _d15723 |
||
| 003 | AR-CdUCM | ||
| 008 | 190429b ||||| |||| 00| 0 spa d | ||
| 040 |
_aMUNICIPALIDAD PROVINCIAL DEL CUSCO _cBIBLIOTECA MUNICIPAL DEL CUSCO |
||
| 082 |
_22ed. _aC / 338.109 / _bL131 |
||
| 100 |
_aLacerda, Carlos _934896 |
||
| 245 |
_aReforma Agraria : _bliberdade e propriedade / |
||
| 260 |
_aRio de Janeiro : _bRecord, _c1963. |
||
| 300 |
_a31 páginas ; _c16 cm. |
||
| 505 | _areforma agraria. | ||
| 650 |
_aBrasil. _91261 |
||
| 650 |
_areforma agraria. _91861 |
||
| 942 |
_2ddc _cFOLLETOS |
||
| 945 | _awfj | ||